Insalubridade e periculosidade

Detalles Bibliográficos
Autor principal: Messias Saliba, Tuffi
Otros Autores: Chaves Corrå, Mr̀cia Angelim
Formato: eBook
Lenguaje:portugués
Publicado: San Pablo: LTR, 2017
Materias:
Acceso en línea:Acceso restringido

MARC

LEADER 00000nam a22000007a 4500
005 20180321234421.0
007 cr|||| ||||
008 180321s2017 br |||||s|||| 00||0 por d
020 |a 978-85-361-9387-8 
035 |a 21160 
040 |a vLex 
090 |c 7535  |d 7535 
100 1 |a Messias Saliba, Tuffi 
245 1 0 |a Insalubridade e periculosidade  |h [Recurso electrn̤ico] /  |c Tuffi Messias Saliba, Mr̀cia Angelim Chaves Corrå 
256 |a Servicio en ln̕ea 
260 |a San Pablo:  |b LTR,  |c 2017 
300 |a 1 recurso electrn̤ico 
506 1 |a Disponible solo en los productos indicados  |d vLex Global  |d vLex Global (Academic Edition, excluding Law Schools)  |d vLex Global (U.S. Academic Edition, Law Schools)  |d vLex Global (U.S. Academic Edition, excluding Law Schools)  |d vLex Global (Academic Edition, Law Schools) 
650 0 4 |a Derecho del Medio Ambiente  |z Brasil 
700 1 |a Chaves Corrå, Mr̀cia Angelim 
740 0 |a vLex Libros (Servicio en ln̕ea) 
856 4 0 |u http://vlex.com/source/insalubridade-periculosidade-21160  |z Acceso restringido 
942 |c BOOK 
999 0 |a Environmental Law